Statistiques concernant Quiz sur le Lesotho

Cliquez ici pour prendre le quiz!

Statistiques générales

  • Ce quiz a été pris 2 521 fois
  • Le résultat moyen est 8 sur 16

Statistiques - réponses

QuestionRéponse% Correct
Pays qui entoure complètement le LesothoAfrique du Sud
97%
Pays européen qui a colonisé le LesothoRoyaume-Uni
87%
Le Lesotho est l'une des trois seules monarchies africaines.
Nommez l'une des deux autres (n'importe laquelle).
Eswatini | Maroc
83%
Langues officiellesAnglais
82%
Le Lesotho a la cinquième _____ moyenne la plus haute du monde,
derrière le Népal, le Bhoutan, le Tadjikistan et le Kirghizistan
Altitude
77%
Virus qui a infecté 25% des adultes du paysVIH
76%
Pays fictif du Marvel Cinematic Universe qui est inspiré du LesothoWakanda
61%
Capitale et plus grande villeMaseru
59%
Objet de paille qui figure sur le drapeau nationalChapeau
48%
Langues officielles{Sotho} du Sud
40%
Plus long fleuve qui coule au LesothoOrange
31%
Animal national, qui est en danger d'extinctionRhinocéros noir
27%
Deux devises monétaires du pays (nommez-en une)Loti | Rand
22%
Chaîne de montagnes dans laquelle le Lesotho se situe{Drakens}berg
15%
Nom colonial du Lesotho{Basuto}land
13%
Peuple qui vivait au Lesotho avant l'invasion bantoue au XVIème siècleSan
12%

Distribution des résultats

Percentile par nombre de réponses

% des personnes avec chaque résultat

Votre développement - résultats

Vous n’avez pas pris ce quiz